Evropské ekonomické prostředí

Salvato in:
Dettagli Bibliografici
Autore principale: Hanušová, Helena
Altri autori: Kalouda, František
Natura: Libro
Lingua:ceco
Pubblicazione: Praha Computer Press 1999
Serie:Business books
Evropská unie
Soggetti:
Tags: Aggiungi Tag
Nessun Tag, puoi essere il primo ad aggiungerne!!

MARC

LEADER 00000nam a2200000 4500
001 c117518
005 20221102135147.3
020 |a 80-7226-265-3 
041 0 |a cze 
044 |a CZ 
245 1 0 |a Evropské ekonomické prostředí  |c Helena Hanušová, František Kalouda 
264 1 |a Praha  |b Computer Press  |c 1999 
300 |a 135 s. 
490 1 |a Business books 
830 0 |a Business books 
490 1 |a Evropská unie 
830 0 |a Evropská unie 
610 2 0 |a prostredie ekonomické 
610 2 0 |a Európska únia 
610 2 0 |a Európske spoločenstvá 
610 2 0 |a účtovníctvo finančné 
610 2 0 |a účtovníctvo vnútropodnikové 
610 2 0 |a účtovníctvo manažérske 
100 1 |a Hanušová, Helena 
700 1 |a Kalouda, František